| 000 | 00448nam a2200157Ia 4500 | ||
|---|---|---|---|
| 003 | SGT | ||
| 020 | _a9780198066798 | ||
| 082 |
_a621.3822 _bRAW |
||
| 100 | _aRawat,Tarun Kumar | ||
| 245 | _aSignals and systems | ||
| 260 |
_bOxford University Press _aN.Delhi _c2012 |
||
| 300 | _a890p. | ||
| 650 | _aELECTRONICS ENGINEERING | ||
| 653 | _aINTRODUCTION TO SIGNALS AND SYSTEMS, CONVOLUTION CORRELATION,CONTINUOUS TIME FOURIER SERIES | ||
| 942 |
_2ddc _cBK |
||
| 999 |
_c5554 _d5554 |
||